000 00309nam a22001337a 4500
008 170713b xxu||||| |||| 00| 0 eng d
020 _a9780195142365
041 _aeng
080 _22ND
_a038
100 _a23
101 _aFJA
245 _aA DICTIONARY OF MODERN LEGAL USAGE
_cGARNER,B.A
942 _2udc
_cBK
999 _c20424
_d20424